000 00692nam a2200265Ia 4500
005 20260121114436.0
008 008 260114s9999 xx 000 0 eng d
020 _a9788126582822
037 _aEBOOK
040 _aCRL
040 _beng
040 _cCRL
041 _2eng
041 _aeng
084 _qCRL
100 _aMinelli
_9975125
245 0 _aBig Data, Big Analytics: Emerging Business Intelligence and Analytic Trends for Today's Businesses
260 _bWiley
260 _c2018
650 _aAnalytics / Big Data
_9975126
856 _uhttps://ebooks.wileyindia.com/product-details/281987
942 _cEBOOK
999 _c1554177
_d1554177